|
|
|
|
| LEADER |
01558nam a2200277 a 4500 |
| 001 |
1886227 |
| 008 |
091102s1980 th b 100 0 eng d |
| 010 |
|
|
|a 83167949
|
| 020 |
|
|
|a 922102301X (pbk.)
|
| 040 |
|
|
|a DLC
|c DLC
|d DLC
|
| 082 |
0 |
0 |
|a 338.9549/6
|2 19
|
| 111 |
2 |
|
|a National Seminar on Planning for Basic Needs and Mobilization of Resources
|d (1979 :
|c Kathmandu, Nepal)
|
| 245 |
1 |
0 |
|a Papers and proceedings of a National Seminar on Planning for Basic Needs and Mobilization of Resources, Kathmandu, Nepal, 12-14 November 1979 /
|c sponsored by National Planning Commission, His Majesty's Government, Kathmandu, Centre for Economic Development and Administration, Kathmandu, and Asian Employment Programme (ILO-ARTEP), Bangkok ; hosted by Centre for Economic Development and Administration, Kathmandu.
|
| 260 |
|
|
|a Bangkok, Thailand :
|b ILO-ARTEP,
|c 1980.
|
| 300 |
|
|
|a ii, 286 p. ;
|c 23 cm.
|
| 504 |
|
|
|a Includes bibliographical references.
|
| 541 |
1 |
|
|e 00000261
|
| 651 |
|
0 |
|a Nepal
|x Economic policy
|x Congresses.
|
| 651 |
|
0 |
|a Nepal
|x Social policy
|x Congresses.
|
| 650 |
|
0 |
|a Rural development
|z Nepal
|x Congresses.
|
| 710 |
1 |
|
|a Nepal.
|b Rāshṭriya Yojanā Āyoga.
|
| 710 |
2 |
|
|a Centre for Economic Development and Administration.
|
| 710 |
2 |
|
|a Asian Employment Programme.
|
| 852 |
4 |
|
|a Ayesha Abed Library
|j General Shelf.
|
| 999 |
|
|
|c 5089
|d 5089
|
| 952 |
|
|
|0 0
|1 0
|2 ddc
|4 0
|6 338_954960000000000_PAP_1990
|7 0
|9 4942
|a BRACUL
|b BRACUL
|c GEN
|d 2009-11-04
|g 0.00
|l 0
|o 338.95496 PAP
|p 3010000261
|r 2009-11-04
|t 1
|w 2009-11-04
|y BK
|x No price found in the accession register.
|